Normal view
MARC view
- Hazrat Molana Mufti Muhammad Ashiq Elahi Buland
Entry Personal Name
001 - CONTROL NUMBER
- control field: 51171
003 - CONTROL NUMBER IDENTIFIER
- control field: NUST
005 - DATE AND TIME OF LATEST TRANSACTION
- control field: 20210314134925.0
008 - FIXED-LENGTH DATA ELEMENTS
- fixed length control field: 210314|| aca||aabn | a|a d
040 ## - CATALOGING SOURCE
- Original cataloging agency: NUST
- Transcribing agency: NUST
100 ## - HEADING--PERSONAL NAME
- Personal name: Hazrat Molana Mufti Muhammad Ashiq Elahi Buland
670 ## - SOURCE DATA FOUND
- Source citation: Work cat.: (NUST): Hazrat Molana Mufti Muhammad Ashiq Elahi Buland , مرنے کے بعد کیا ہوگا.
